00898nam a2200229 a 4500008004100000020001500041050001500056100003000071245005800101260003600159300002100195350000900216500010500225650002100330650001100351650001300362650002500375700002700400995009300427999001700520952013100537120416s1972 ||||||||||||||||| || u a0126990506 aQA 315 Tre aTrench, William F., 1931-10aMultivariable Calculus with linear algebra and series aNew York:bAcademic Pressc1972 axi, 758 p.: ill. a0.00 aAn expansion of Elementary multivariable calculus, by B. Kolman and W. F. Trench, published in 1971. 0aALGEBRAS, LINEAR aSeries 0aCALCULUS aTEXTBOOKS--TEXTBOOKS aKolman, Bernard, 1932- D0.00FCBU-MAIN LIBRARY (Kitwe)H1I6.00M1UDAMAGEDZMain Library Open Access Collection c51812d51812 00102lcc4070a001b001cMain Library Open Access Collectiond2022-11-30l0oQA 315 Trep714317r2022-11-30w2022-11-30y002